Представление документа в формате MARC21

ПолеНазваниеЗначение
  Тип записи a
  Библиографический уровень m
001 Контрольный номер RU\infra-m\znanium\bibl\2214241
005 Дата корректировки 20260429142113.7
008 Кодируемые данные 250612s2025 RU g rus u
020 Индекс ISBN __
a ISBN 978-5-7924-2083-0
040 Источник каталогиз. __
a Служба первич. каталог. Общество с ограниченной ответственностью «ЗНАНИУМ»
041 Код языка издания __
a Код языка текста rus
044 Код страны публикации __
a Код страны публикации RU
080 Индекс УДК __
a Индекс УДК 796
084 Индекс другой классификации/Индекс ББК __
2 Источник индекса rubbk
a Индекс другой классификации/Индекс ББК 75
084 Индекс другой классификации/Индекс ББК __
2 Источник индекса okso
a Индекс другой классификации/Индекс ББК 40.03.01
084 Индекс другой классификации/Индекс ББК __
2 Источник индекса okso
a Индекс другой классификации/Индекс ББК 40.04.01
084 Индекс другой классификации/Индекс ББК __
2 Источник индекса okso
a Индекс другой классификации/Индекс ББК 40.05.01
084 Индекс другой классификации/Индекс ББК __
2 Источник индекса okso
a Индекс другой классификации/Индекс ББК 40.05.02
084 Индекс другой классификации/Индекс ББК __
2 Источник индекса okso
a Индекс другой классификации/Индекс ББК 40.05.03
084 Индекс другой классификации/Индекс ББК __
2 Источник индекса okso
a Индекс другой классификации/Индекс ББК 40.05.04
084 Индекс другой классификации/Индекс ББК __
2 Источник индекса okso
a Индекс другой классификации/Индекс ББК 49.03.01
084 Индекс другой классификации/Индекс ББК __
2 Источник индекса okso
a Индекс другой классификации/Индекс ББК 49.04.01
084 Индекс другой классификации/Индекс ББК __
2 Источник индекса okso
a Индекс другой классификации/Индекс ББК 49.06.01
084 Индекс другой классификации/Индекс ББК __
2 Источник индекса okso
a Индекс другой классификации/Индекс ББК 56.05.03
100 Автор __
a Автор Шитов Д.Г.
q Полное имя Шитов Денис Геннадьевич
u Дополнение Саратовская государственная юридическая академия
245 Заглавие __
a Заглавие Профессионально-прикладная физическая подготовка студентов юридических специальностей
b Продолж. заглавия Монография
c Ответственность Саратовская государственная юридическая академия
250 Сведения об издании __
a Основные сведения об издании 1
260 Выходные данные __
a Место издания Саратов
b Издательство Саратовская государственная юридическая академия
c Дата издания 2024
300 Физическое описание __
a Объем 160 с.
520 Аннотация __
a Аннотация В монографии представлены теоретические и практические аспекты профессионально-прикладной физической подготовки студентов юридических специальностей. Издание рассчитано на профессорско-преподавательский состав кафедр физической культуры вузов а также на студентов и аспирантов юридических специальностей.
521 Примеч. о цел. назн. __
a Примеч. о целев. назн. ВО - Магистратура
650 Тематические рубрики __
a Основная рубрика Спорт. Самооборона. Физкультура
x Основная подрубрика Физкультура
655 Указ. предметных рубрик (устаревшее) __
a Жанр/ форма (устаревшее) Монография
700 Другие авторы __
a Другие авторы Ермолова О.С.
q Полное имя Ермолова Ольга Сергеевна
u Дополнение Саратовская государственная юридическая академия
856 Электронный адрес документа 4_
a Имя сервера/домена znanium.ru
m Помощь ebs_support@infra-m.ru
n Местонахождение сервера НИЦ ИНФРА-М
u URL https://znanium.ru/catalog/document?id=465973
856 Электронный адрес документа 48
a Имя сервера/домена znanium.ru
d Путь /cover/2214
f Электронное имя 2214241.jpg
q Тип электронного формата image/jpeg
u URL https://znanium.ru/cover/2214/2214241.jpg
911 __
u 0030=https://znanium.ru/catalog/document?id=465973